00676nam a2200169Ia 4500008004100000020001800041041000800059082001600067100003600083245012300119250000600242260006100248300001300309650003500322999001900357952013000376210716s2013 xx 000 0 und d a9781259001819 aeng a003.54 KHAJ aKhalil, Tarek M; Shankar, Ravi. aManagement of technology: the key to competitiveness and wealth creation.bKey to competitiveness and wealth creation. a2 aNew DelhibTata McGraw Hill Publishing Company Ltdc2013 axxvi,536 aManagement Information Systems c194083d194083 001040708MCAaAIMITbAIMITeKnowledge Worldg725.00l0o003.54 KHAJpMCA13591r2025-07-21 00:00:00v543.75w2021-07-16yBK